[Event "Eastern Asia-ch U14 Girls"]
[Site "Tornelo INT"]
[Date "2021.10.24"]
[Round "7"]
[White "Sun, Shilian"]
[Black "Kargarzadeh, Mahour"]
[Result "0-1"]
[WhiteElo "1036"]
[BlackElo "1381"]
[PlyCount "136"]
[EventDate "2021.10.22"]
[EventType "swiss"]
[EventRounds "9"]
[EventCountry "NET"]
[SourceTitle "EXT 2023"]
[Source "ChessBase"]
[SourceDate "2022.10.05"]
[SourceVersion "1"]
[SourceVersionDate "2022.10.05"]
[SourceQuality "1"]

1. e4 c5 2. c3 d5 3. exd5 Qxd5 4. d4 Nf6 5. Nf3 e6 6. Be2 Nc6 7. 0-0 Be7 8. h3 0-0 9. Be3 cxd4 10. Nxd4 Nxd4 11. Qxd4 e5 12. Qxd5 Nxd5 13. Bf3 Nxe3 14. fxe3 Bc5 15. Re1 f5 16. Bd5+ Kh8 17. Kh1 Rd8 18. c4 Rb8 19. Nc3 a6 20. a3 b5 21. b4 Be7 22. c5 Bb7 23. c6 Bxc6 24. Bxc6 Rbc8 25. Nd5 Bh4 26. Bd7 Rxd7 27. Nb6 Bxe1 28. Rxe1 Rcd8 29. Nxd7 Rxd7 30. Rc1 Kg8 31. Rc5 e4 32. Rxf5 Rd3 33. Re5 Rxe3 34. Re6 Rxa3 35. Rxe4 Ra4 36. Kg1 a5 37. Re5 Rxb4 38. Re8+ Kf7 39. Ra8 a4 40. Kf2 Rb3 41. Ra5 a3 42. Ke2 b4 43. Kd2 Rb2+ 44. Kc1 Rxg2 45. Kb1 b3 46. Rxa3 Rg3 47. h4 Rh3 48. Kb2 Kf6 49. Ra6+ Kf5 50. Ra4 Rg3 51. Ra5+ Kf6 52. Rb5 Rg4 53. Kxb3 Rxh4 54. Rb6+ Kg5 55. Rb5+ Kh6 56. Rb6+ Kh5 57. Kc3 g5 58. Rb5 Rf4 59. Kd3 Kg4 60. Ke3 Rf3+ 61. Ke2 Rf5 62. Rb4+ Rf4 63. Rb7 h5 64. Rh7 h4 65. Ke3 Kg3 66. Rh6 h3 67. Rg6 g4 68. Rh6 Rf2 0-1

[Event "Eastern Asia-ch U14 Girls"]
[Site "Tornelo INT"]
[Date "2021.10.22"]
[Round "2"]
[White "Netra, P Savaikar"]
[Black "Sun, Shilian"]
[Result "1/2-1/2"]
[WhiteElo "1190"]
[BlackElo "1036"]
[PlyCount "101"]
[EventDate "2021.10.22"]
[EventType "swiss"]
[EventRounds "9"]
[EventCountry "NET"]
[SourceTitle "EXT 2023"]
[Source "ChessBase"]
[SourceDate "2022.10.05"]
[SourceVersion "1"]
[SourceVersionDate "2022.10.05"]
[SourceQuality "1"]

1. d4 Nf6 2. Nf3 g6 3. e3 Bg7 4. c4 d6 5. Qb3 0-0 6. Nc3 Re8 7. Be2 Nbd7 8. 0-0 e5 9. dxe5 Nxe5 10. Nxe5 Rxe5 11. Bd2 Rb8 12. Nb5 a6 13. Nd4 Ne4 14. Nf3 Re8 15. Rfd1 Qf6 16. Rab1 Nc5 17. Qa3 Bf5 18. Bc3 Qe7 19. Rbc1 Bf8 20. b3 Ne4 21. Ba1 f6 22. Nd2 Bg7 23. Qb2 Nxf2 24. Rf1 Nd3 25. Bxd3 Qxe3+ 26. Kh1 Qxd3 27. Rf3 Qe2 28. Rcf1 Qe7 29. Qd4 c5 30. Qh4 Qe2 31. R3f2 Qe7 32. h3 Rf8 33. g4 Be4+ 34. Kg1 Bc6 35. Nf3 g5 36. Qg3 Rbe8 37. h4 gxh4 38. Nxh4 Qe5 39. Qh3 Qg5 40. Nf5 Re4 41. Rg2 Rf4 42. Rh2 Qxg4+ 43. Qxg4 Rxg4+ 44. Kf2 Rd8 45. Ke3 Re4+ 46. Kd2 Bf8 47. Bxf6 Rd7 48. Rg2+ Bg7 49. Nxg7 Rd4+ 50. Bxd4 Bxg2 51. Rg1 1/2-1/2